000 00493nam a2200181Ia 4500
003 GCL
008 140319s9999 xx 000 0 ara d
040 _aGCL /
_cGCL
082 0 4 _a328.3
_bج م
245 1 0 _aمجلس العائلة المصرية
300 _a143 ص
490 _a
650 0 4 _aالهيئات التشريعية
650 0 4 _aمجلس الشورى
650 0 4 _aقانون الانتخابات
650 0 4 _aمصر - الاحوال السياسية
942 _2ddc
_cBK
999 _c38034
_d38034